S městem za zády ; Jelec ; Prózy knižně nevydané /

Main Author: Neumann, Stanislav Kostka, 1875-1947
Language: Czech
Published: Praha : Odeon, 1960
Edition: 1. vyd.
Series: Neumann, Stanislav Kostka, 1875-1947. Spisy (Odeon)
Knihovna klasiků (Odeon)
Physical Description: 651 s.
Book
Saved in:
LEADER 00864nam a22002532a 4500
001 000062909
003 CZ BrMZK
005 20070724152617.0
008 010907s1960 xr f cze d
040 |a BOA001  |b cze 
100 1 |a Neumann, Stanislav Kostka,  |d 1875-1947  |7 jk01090079 
245 1 0 |a S městem za zády ;  |b Jelec ; Prózy knižně nevydané /  |c Stanislav Kostka Neumann 
250 |a 1. vyd. 
260 |a Praha :  |b Odeon,  |c 1960 
300 |a 651 s. 
490 1 |a Spisy Stanislava K. Neumanna ;  |v sv. 6 
490 1 |a Knihovna klasiků 
740 0 2 |a Jelec 
740 0 2 |a Prózy knižně nevydané 
800 1 |a Neumann, Stanislav Kostka,  |d 1875-1947.  |t Spisy (Odeon)  |0 s 
830 0 |a Knihovna klasiků (Odeon)  |0 s 
910 |a BOA001  |b PK-0055.914 
990 |a BK 
996 7 |b 3119971999  |c PK-0055.914  |l MZK  |r Sklad / do 1 hodiny  |n 7  |w 000062909  |u 000010  |a 1  |e BOA001  |j MZK50  |s A